=LDR 00000nam 2200000 4500 =001 INLIS000000000000140 =005 20150120093059.0 =006 =007 =008 Ind =035 ##$$0010-061300000000140 =041 ##$$a Ind =082 ##$$a 92(Baden-Powell) =090 ##$$a 92(Baden-Powell) Cou r =100 ##$$a Courtney, ulia =245 ##$$a Robert Baden-Powell, mereka yang berjasa bagi dunia / Julia Courtney =260 ##$$aJakarta$bGramedia Pustaka Utama$c1994 =300 ##$$a 96 hlm. ; 21 cm =650 ##$$aPanden, Powel Robrt =850 ##$$aNBPDMAT